000 01009cam a2200325 i 4500
001 2239402
003 OSt
005 20140310181649.0
008 761001s1976 xx a 000 0 eng
010 _a 76372451
040 _aDLC
_cDLC
_dDLC
043 _anccr---
050 0 0 _aF1549.T13
_bL5
082 0 0 _a917.286
100 1 _aLiebhaber, Carlos.
245 1 0 _aTreasure hunters /
_cCarlos Liebhaber.
260 _aAustralia :
_bPenguin Group,
_c2002
_e :
_fLitografia e Impr. Lehmann)
300 _a220 p. :
_bill. ;
_c18 cm.
521 _aGrade Five Student
_bLexile
526 _c890L
541 _j1
541 _j2
562 _eFor circulation. 2 copies in the collection
650 0 _aTreasure troves
_zCosta Rica.
651 0 _aTalamanca Mountains (Costa Rica)
_xDescription and travel.
651 0 _aGrande de Térraba River (Costa Rica)
651 0 _aCosta Rica
_xDiscovery and exploration.
906 _a7
_bcbc
_corignew
_du
_encip
_f19
_gy-gencatlg
942 _2lcc
_cBK-KF
_kKF
999 _c961
_d961